Le Luxembourg pour les touristes... - Statistiques

Statistiques générales
  • Ce quiz a été pris 45 fois
  • Le résultat moyen est 13 sur 20
Statistiques - réponses
Question Indice Réponses % Correct
Quelles sont les langues officielles ? Allemand
100%
Quelles sont les langues officielles ? Français
100%
Le suffixe internet est lu
100%
Quelles sont les principales villes touristiques ? L Luxembourg
100%
Quelle autre langue est répandue ? A Anglais
94%
Quelle est la monnaie ? Euro
94%
La conduite se fait à droite ou à gauche ? Droite
92%
Dans la capitale y-a-t-il un décalage horaire avec Paris ? (oui/non) Non
92%
Quelles sont les langues officielles ? Luxembourgeois
89%
La vitesse hors agglomération est limitée à {130} km/h
75%
Le taux d'alcoolémie toléré au volant est de {0.5} g/l
72%
Achats à faire 2/ Boisson alcoolisée Vin
69%
Achats à faire 1/ Douceurs cacaotées Chocolat
64%
La religion majoritaire est C Catholicisme
61%
Quelles sont les principales villes touristiques ? E Esch-sur-Alzette
28%
Quelles sont les principales villes touristiques ? E Echternach
22%
Quelles sont les principales villes touristiques ? S Schengen
14%
Quels parcs naturels peut-on visiter ? O Our
8%
Quels parcs naturels peut-on visiter ? M Mellerdall
3%
Achats à faire 3/ Avertisseur Sifflet
3%
Aucun quiz correspondant
Distribution des résultats
% des personnes avec chaque résultat
Percentile par nombre de réponses
Votre historique - résultats
Vous n’avez pas pris ce quiz